00234nam a2200085Ia 4500008004100000100002400041245004500065260003000110300000800140201231s9999 xx 000 0 und d aBhattacharjea, Ajit 0aCount down To Partition : The Final Days aNew DelhibHarper Collins a112